00990cam a22002537a 4500001001000000003000500010005001700015008004100032010001000073011001000083035001100093040000900104100002700113245025300140260004100393300002000434502007500454650002800529650003500557650003100592700003100623856006600654856001600720000093350CHAP20250516062730.0050314d2005 mx a r 00110 spa d a89816 a90788 a101345 cCHAP00aAlonso Santos, Enrique10aComparación de la producción intensiva entre Tilapia nilotica (Oreochromis niloticus L.) y Tilapia blanca (Oreochromis aureaus) en estanques plastificados, ubicados en el Lago de Texcoco /c/por Enrique Alonso Santos y Noel González Juárez. aChapingo, Méx. :bEl autor,c2005. a113 h. :bilus. aTesis (Ing. Agr. Esp. en Zootecnia) -- UACH. Departamento de Zootecnia14aEstanques piscícolas.14aPisciculturazMéxico (Edo.).17aTilapia (nombre común)20 aGonzález Juárez, Noel. 3Finding aiduhttp://10.13.5.2/tesis/101345.pdfzTeclea aquí a1 n0000234